The architect's portable handbook : (Record no. 30069)
[ view plain ]
| 000 -LEADER | |
|---|---|
| fixed length control field | 01093cam a2200313 i 4500 |
| 001 - CONTROL NUMBER | |
| control field | 653930 |
| 003 - CONTROL NUMBER IDENTIFIER | |
| control field | EG-ScBUE |
| 005 - DATE AND TIME OF LATEST TRANSACTION | |
| control field | 20221205135312.0 |
| 008 - FIXED-LENGTH DATA ELEMENTS--GENERAL INFORMATION | |
| fixed length control field | 940817t1995 nyua f bf 001 0 eng d |
| 020 ## - INTERNATIONAL STANDARD BOOK NUMBER | |
| International Standard Book Number | 0070253021 |
| 020 ## - INTERNATIONAL STANDARD BOOK NUMBER | |
| International Standard Book Number | 9780070253025 |
| 040 ## - CATALOGING SOURCE | |
| Original cataloging agency | DLC |
| Language of cataloging | eng |
| Description conventions | rda |
| Transcribing agency | DLC |
| Modifying agency | DLC |
| -- | EG-ScBUE |
| 082 04 - DEWEY DECIMAL CLASSIFICATION NUMBER | |
| Classification number | 721 |
| Edition number | 22 |
| Item number | GUT |
| 100 1# - MAIN ENTRY--PERSONAL NAME | |
| Personal name | Guthrie, Pat, |
| Relator term | author. |
| 245 14 - TITLE STATEMENT | |
| Title | The architect's portable handbook : |
| Remainder of title | first step rules of thumb for building design / |
| Statement of responsibility, etc | by Pat Guthrie. |
| 264 #1 - PUBLICATION, DISTRIBUTION, ETC. (IMPRINT) | |
| Place of publication, distribution, etc | New York : |
| Name of publisher, distributor, etc | McGraw-Hill, Inc., |
| Date of publication, distribution, etc | [1995] |
| 264 #4 - PUBLICATION, DISTRIBUTION, ETC. (IMPRINT) | |
| Date of publication, distribution, etc | c1995 |
| 300 ## - PHYSICAL DESCRIPTION | |
| Extent | xiii, 473 pages : |
| Other physical details | illustrations ; |
| Dimensions | 22 cm |
| 336 ## - CONTENT TYPE | |
| Source | rdacontent |
| Content type term | text |
| Content type code | txt |
| 337 ## - MEDIA TYPE | |
| Source | rdamedia |
| Media type term | unmediated |
| Media type code | n |
| 338 ## - CARRIER TYPE | |
| Source | rdacarrier |
| Carrier type term | volume |
| Carrier type code | nc |
| 504 ## - BIBLIOGRAPHY, ETC. NOTE | |
| Bibliography, etc | Includes bibliographical references and index.<br/> |
| 650 #7 - SUBJECT ADDED ENTRY--TOPICAL TERM | |
| Topical term or geographic name as entry element | Architectural design |
| General subdivision | Handbooks, manuals, etc. |
| Source of heading or term | BUEsh |
| 653 ## - INDEX TERM--UNCONTROLLED | |
| Resource For college | Engineering, Architecture |
| 655 ## - INDEX TERM--GENRE/FORM | |
| Form subdivision | Reading book |
| 906 ## - LOCAL DATA ELEMENT F, LDF (RLIN) | |
| a | 7 |
| b | cbc |
| c | orignew |
| d | 1 |
| e | ocip |
| f | 19 |
| g | y-gencatlg |
| 942 ## - ADDED ENTRY ELEMENTS (KOHA) | |
| Source of classification or shelving scheme | Dewey Decimal Classification |
| Koha item type | Book - Borrowing |
| Withdrawn status | Lost status | Source of classification or shelving scheme | Damaged status | Not for loan | Collection code | Home library | Current library | Shelving location | Date acquired | Source of acquisition | Total Checkouts | Full call number | Barcode | Date last seen | Price effective from | Koha item type | Total Renewals | Date checked out |
|---|---|---|---|---|---|---|---|---|---|---|---|---|---|---|---|---|---|---|
| Dewey Decimal Classification | Donation-Gift | Central Library | Central Library | Second Floor | 05/12/2022 | Donation | 721 GUT | 000056609 | 01/04/2026 | 05/12/2022 | NB - Book (Non borrowing) | |||||||
| Dewey Decimal Classification | Donation-Gift | Central Library | Central Library | Second Floor | 05/12/2022 | Donation | 1 | 721 GUT | 000056612 | 15/02/2026 | 05/12/2022 | Book - Borrowing | 3 | 03/10/2023 |